000 00624nam a2200253Ia 4500
005 20260121155346.0
008 008 260114s9999 xx 000 0 eng d
020 _a9780429401060
037 _aEBOOK
040 _aCRL
040 _beng
040 _cCRL
041 _2eng
041 _aeng
084 _qCRL
100 _a Naoyuki Yoshino; Farhad Taghizadeh-Hesary
_91018535
245 0 _aUnlocking SME Finance in Asia
260 _bTaylor and Francis
260 _c2020
856 _uhttp://www.taylorfrancis.com/books/9780429401060
942 _cEBOOK
999 _c1585354
_d1585354